00965nam a22002297a 450000100040000000500170000400800410002102000180006204000290008008200210010910000220013024500500015226000370020230000570023950500080029652002670030452100290057152100200060065000420062065000420066270000310070461720230627093328.0230627b cb ||||| |||| 00| 0 eng d a9780755408085 aFISKHbengcFISKHdFISKH 223a823.01089282 aPatterson, Ellie. aSidney and the seven seas /cEllie Patterson. aChina : bNorth Parade ; c2010. a30 unnumbered pages; bColor illustrations;c26 cm.  aF  aSidney the Whale swims the Seven Seas as lonely as can be - until he meets a cheeky chimp in Africa and takes him along for the ride! From Australia to Panama, turn the special half-pages to reveal Sidney making many new friends on his exciting ocean adventure!  a350 bLexile estimate  aF bRaz-Plus  aShort stories, Englishy21st century. aShort stories, Englishy21st century. aJones, Anna,eillustrator.